000 00891nam a2200313Ia 4500
003 OSt
005 20221006142445.0
006 a|||||r|||| 00| 0
007 ta
008 221006b |||||||| |||| 00| 0 eng d
020 _aB008C4FU3I
_c
_4.00
024 _a6,394
037 _bGift,
_cTextual
040 _aEASL
_cEASL
_beng
041 _2eng
_aeng
082 _aY.41.M9, C8
100 _aCOLQUHOUN Archibald R.
_9647760
245 0 _aChina in transformation
260 _aNew York
_bHarper & Brothers Pub
_c1898
300 _a397p.
_ccm.
490 _v CEL
650 _a CEL
650 _a China - Democracy
_9647761
650 _a China - Government and administration
_9647762
650 _a China - Society
_9647763
650 _aChina - Foreign relations
942 _hY.41.M9, C8
_cTEXL
_2CC
999 _c1074480
_d1074480